01013cam a22003011i 4500001001300000003000400013005001700017008004100034010001700075035001900092040002100111042001200132043002100144050001400165100005000179245004700229260004300276300006800319490004600387500004800433500006100481500002800542500002000570651001900590650002200609650002800631810005200659gs 06000327 DLC20260227111303.0790223s1905 dcuabf f001 0 eng  ags 06000327  a(OCoLC)4684585 aDLCcICharEdDLC apremarc an-us-vtan-us-ma00aQE75b.B91 aDale, T. Nelsonq(Thomas Nelson),d1845-1937.10aTaconic physiography /cby T. Nelson Dale. aWashington,bGovt. Print. Off.,c1905. a 52, iii p. : xiv pl. (incl. maps, part fold.) diagrs.;c24 cm.1 aU.S. Geological survey. Bulletinvno. 272 aSubject series: B, Descriptive geology, 74. aIssued also as House doc. no. 205, 59th Cong., 1st sess. a"Literature": p. 10-18. aIncludes index. 0aTaconic Range. 0aGeologyzVermont. 0aGeologyzMassachusetts.2 aGeological Survey (U.S.).tBulletin ;vno. 272.